000 00625nam a2200193 i 4500
001 84034
003 ES-MaACL
005 20250902062856.0
007 t|
008 041119s1967 sp |||| | spa d
100 1 _aJáuregui Alonso, Julio de.
_966191
245 1 3 _aEl plan financiero en los proyectos de modernización industrial /
_cJulio de Jáuregui Alonso, Javier Sánchez Casajús.
260 _aBilbao :
_bDeusto,
_c[1967]
300 _a128 p. ;
_c21 cm.
650 0 4 _aEmpresas-
_zEspaña
_912218
700 1 _aSánchez Casajús, Javier.
_9102533
852 _aES-MaACL
_jC-32756
999 _c84034
_d84034